Visualizzazione normale
Vista MARC
- De Curtis Antonio (=Totò )
di Personal Name
Records bibliografici associati: 1
001 - CONTROL NUMBER
- control field: 32059
003 - CONTROL NUMBER IDENTIFIER
- control field: IT-RoPau
005 - DATE AND TIME OF LATEST TRANSACTION
- control field: 20140626121337.0
008 - FIXED-LENGTH DATA ELEMENTS
- fixed length control field: 140626|| aca||aabn | a|a d
040 ## - CATALOGING SOURCE
- Original cataloging agency: IT-RoPau
- Transcribing agency: IT-RoPau
100 ## - HEADING--PERSONAL NAME
- Personal name: De Curtis Antonio (=Totò )
670 ## - SOURCE DATA FOUND
- Source citation: Work cat.: (IT-RoPau)100405: De Curtis Antonio (=Totò ), Canzoni di Totò (Le)